Pakistan movement: Historic Decuments (Record no. 244254)
[ view plain ]
| 000 -LEADER | |
|---|---|
| fixed length control field | 00250 a2200109 4500 |
| 001 - CONTROL NUMBER | |
| control field | 9181 |
| 082 ## - DEWEY DECIMAL CLASSIFICATION NUMBER | |
| Classification number | 954.91 ALL |
| 090 ## - LOCALLY ASSIGNED LC-TYPE CALL NUMBER (OCLC); LOCAL CALL NUMBER (RLIN) | |
| -- | 7356 |
| -- | 7356 |
| 100 ## - MAIN ENTRY--PERSONAL NAME | |
| Personal name | Allana, H. |
| 245 ## - TITLE STATEMENT | |
| Title | Pakistan movement: Historic Decuments |
| Medium | English |
| 260 ## - PUBLICATION, DISTRIBUTION, ETC. | |
| Name of publisher, distributor, etc. | P S A (Karachi) |
| Place of publication, distribution, etc. | 1968 |
| 942 ## - ADDED ENTRY ELEMENTS (KOHA) | |
| Institution code [OBSOLETE] | NUST-CAE |
| Withdrawn status | Lost status | Damaged status | Not for loan | Collection code | Permanent Location | Current Location | Date acquired | Total Checkouts | Barcode | Date last seen | Price effective from | Koha item type |
|---|---|---|---|---|---|---|---|---|---|---|---|---|
| College of Aeronautical Engineering (CAE) | College of Aeronautical Engineering (CAE) | 04/03/2017 | CAE8313 | 04/05/2017 | 04/05/2017 | Book |
